[Event "Scarborough CC Falling Leaves"]
[Site "Toronto CAN"]
[Date "2022.11.17"]
[Round "1.4"]
[White "Li, Adam"]
[Black "Ugodnikov, Arkadiy"]
[Result "1/2-1/2"]
[WhiteElo "1998"]
[BlackElo "1647"]
[PlyCount "171"]
[EventDate "2022.11.17"]
[EventType "swiss"]
[EventRounds "6"]
[EventCountry "CAN"]

1. e4 e5 2. Nf3 Nc6 3. Bc4 Bc5 4. c3 Nf6 5. d3 a6 6. Nbd2 d6 7. h3 O-O 8. O-O
Be6 9. Bb3 Bxb3 10. axb3 Qd7 11. Re1 Rfe8 12. Nf1 h6 13. Ng3 d5 14. Qe2 dxe4
15. dxe4 Rad8 16. b4 Bb6 17. Be3 Bxe3 18. Qxe3 Qd3 19. Qc5 Qd6 20. Qc4 Qe6 21.
Qe2 Rd7 22. b5 axb5 23. Qxb5 b6 24. Kh2 Na5 25. Nf5 Nc4 26. Re2 Nd6 27. Nxd6
Rxd6 28. Ra7 Re7 29. c4 Nh5 30. g3 Qf6 31. Nh4 g6 32. b4 Ng7 33. c5 bxc5 34.
bxc5 Rdd7 35. Rc2 Ne6 36. Qc6 Kg7 37. Ra6 Qg5 38. Nf3 Qf6 39. Kg2 Rd3 40. Ne1
Rdd7 41. Qa4 g5 42. Qa3 Rd4 43. Re2 Red7 44. Ra8 Rd2 45. Rxd2 Rxd2 46. Nf3 Rd8
47. Rxd8 Nxd8 48. Qc3 Nc6 49. Qc4 Kg6 50. Qd5 Kg7 51. Qd7 Nd4 52. Nxd4 exd4 53.
Qxc7 Qe6 54. Qb7 Qc4 55. Qd5 Qc3 56. Qe5+ Kg6 57. c6 Qxc6 58. Qxd4 Qe6 59. g4
Qe7 60. Qd5 Qc7 61. Qf5+ Kg7 62. Qf3 Qd6 63. Qg3 Qd7 64. f3 Qd2+ 65. Qf2 Qf4
66. h4 gxh4 67. Qxh4 Qd2+ 68. Qf2 Qg5 69. Qd4+ Kg8 70. Kg3 Qg6 71. Qd5 Qb6 72.
Qf5 Qg1+ 73. Kf4 Qh2+ 74. Ke3 Qg1+ 75. Kd3 Qd1+ 76. Kc4 Qe2+ 77. Kc5 Qe3+ 78.
Kc6 Qc3+ 79. Kb7 Qb4+ 80. Kc7 Qe7+ 81. Kc8 Qe8+ 82. Kb7 Qe7+ 83. Kc6 Qe8+ 84.
Kc5 Qe7+ 85. Kb6 Qd6+ 86. Ka7 1/2-1/2

[Event "Scarborough CC Falling Leaves"]
[Site "Toronto CAN"]
[Date "2022.11.17"]
[Round "1.6"]
[White "Sharpe, Sam"]
[Black "Zhong, April"]
[Result "1-0"]
[WhiteElo "1934"]
[BlackElo "1671"]
[PlyCount "51"]
[EventDate "2022.11.17"]
[EventType "swiss"]
[EventRounds "6"]
[EventCountry "CAN"]

1. d4 d5 2. Nf3 Nf6 3. e3 e6 4. Bd3 c5 5. b3 Nc6 6. Bb2 Be7 7. O-O O-O 8. Nbd2
b6 9. Ne5 Bb7 10. f4 Bd6 11. Rf3 Ne7 12. Rh3 Ne4 13. Qh5 h6 14. Rd1 Qe8 15. Qf3
f6 16. Ng4 Ng6 17. Qe2 cxd4 18. Bxd4 e5 19. fxe5 fxe5 20. Nxe4 dxe4 21. Bc4+
Kh7 22. Bxb6 Bb4 23. Nxh6 gxh6 24. Qh5 Nh4 25. Qxh4 Qc6 26. Rd7+ 1-0

[Event "Scarborough CC Falling Leaves"]
[Site "Toronto CAN"]
[Date "2022.01.24"]
[Round "2.222"]
[White "Southam, David"]
[Black "Wang, Nathan"]
[Result "1-0"]
[WhiteElo "2115"]
[BlackElo "1612"]
[PlyCount "47"]
[EventDate "2022.11.17"]
[EventType "swiss"]
[EventRounds "6"]
[EventCountry "CAN"]

1. d4 Nf6 2. c4 g6 3. Nc3 d5 4. cxd5 Nxd5 5. e4 Nxc3 6. bxc3 Bg7 7. Be3 c5 8.
Nf3 Nc6 9. Rc1 Qa5 10. Qd2 O-O 11. d5 Nb8 12. Bh6 Rd8 13. h4 f5 14. Bxg7 Kxg7
15. h5 Qb6 16. e5 f4 17. Qxf4 Bf5 18. g4 Bxg4 19. Qxg4 Rxd5 20. Qc4 Rd8 21.
hxg6 Qxg6 22. Ng5 Rh8 23. Ne6+ Kf7 24. Nf4+ 1-0

[Event "Scarborough CC Falling Leaves"]
[Site "Toronto CAN"]
[Date "2022.11.24"]
[Round "2.1"]
[White "Hay, Jonathan"]
[Black "Yang, Larry"]
[Result "1-0"]
[WhiteElo "2185"]
[BlackElo "1850"]
[PlyCount "132"]
[EventDate "2022.11.17"]
[EventType "swiss"]
[EventRounds "6"]
[EventCountry "CAN"]

1. d4 Nf6 2. Bf4 g6 3. Nc3 Bg7 4. e4 d6 5. Qd2 Nc6 6. O-O-O O-O 7. f3 b6 8. h4
Bb7 9. Bh6 Nh5 10. Nge2 e5 11. d5 Nb8 12. g4 Bxh6 13. Qxh6 Ng7 14. Ng3 a6 15.
Bd3 Qf6 16. Nf5 Nd7 17. Nxg7 Qxg7 18. Qe3 h6 19. Rdg1 Rfb8 20. Ne2 Kh7 21. Ng3
b5 22. Rh2 Rg8 23. Kb1 Nc5 24. Rhg2 Qf8 25. Rf2 Nd7 26. Rgf1 Qe7 27. f4 exf4
28. Rxf4 Ne5 29. Be2 Bc8 30. Qf2 Bd7 31. Qd4 Raf8 32. Qa7 Bc8 33. R4f2 Kg7 34.
h5 g5 35. Nf5+ Bxf5 36. Rxf5 Ra8 37. Qd4 Raf8 38. c4 bxc4 39. Bxc4 Kh7 40. Be2
a5 41. Rc1 Rb8 42. Rff1 Rb4 43. Qf2 Rgb8 44. Rc2 a4 45. Qf5+ Kg7 46. a3 Rb3 47.
Ka2 R8b7 48. Ba6 R7b6 49. Be2 Re3 50. Rfc1 Qf6 51. Bd1 Nd3 52. Qxf6+ Kxf6 53.
Rb1 Nc5 54. Rc4 Ke5 55. Bxa4 Re2 56. Bc2 Rf2 57. b4 Na4 58. Kb3 Nc5+ 59. Kc3
Rf3+ 60. Kd2 Na6 61. Rc3 Rf2+ 62. Ke3 Rf4 63. Rc1 Rxg4 64. Bd3 Rh4 65. Rf1 Rh3+
66. Kd2 Kd4 1-0

[Event "Scarborough CC Falling Leaves"]
[Site "Toronto CAN"]
[Date "2022.11.24"]
[Round "2.4"]
[White "Lawless, David"]
[Black "Li, Adam"]
[Result "0-1"]
[WhiteElo "1926"]
[BlackElo "1998"]
[PlyCount "56"]
[EventDate "2022.11.17"]
[EventType "swiss"]
[EventRounds "6"]
[EventCountry "CAN"]

1. e4 e5 2. f4 Nc6 3. Nf3 d6 4. Bc4 Bg4 5. O-O Nf6 6. d3 h6 7. c3 Qe7 8. a4
exf4 9. Bxf4 g5 10. Bc1 Bg7 11. Na3 O-O 12. Nc2 Bxf3 13. gxf3 Qd7 14. Ne3 Ne7
15. Bb3 d5 16. e5 Nh5 17. d4 Nf4 18. Ng2 Nxg2 19. Kxg2 f6 20. exf6 Rxf6 21. Qd3
Raf8 22. Bd2 Ng6 23. Kh1 Nh4 24. Bc2 Qh3 25. Qe2 Re6 26. Qf2 Rxf3 27. Qg1 Re2
28. Rfd1 Rf1 0-1

[Event "Scarborough CC Falling Leaves"]
[Site "Toronto CAN"]
[Date "2022.11.24"]
[Round "2.5"]
[White "Jacobs, Michael"]
[Black "Grisar, Charles"]
[Result "1-0"]
[WhiteElo "2025"]
[BlackElo "1849"]
[PlyCount "85"]
[EventDate "2022.11.17"]
[EventType "swiss"]
[EventRounds "6"]
[EventCountry "CAN"]

1. e4 c6 2. d4 d5 3. f3 e6 4. Be3 dxe4 5. Nd2 exf3 6. Ngxf3 Nf6 7. Bg5 Nbd7 8.
Bc4 Qb6 9. Bb3 Be7 10. O-O a5 11. a4 O-O 12. Nc4 Qc7 13. c3 Nd5 14. Bxe7 Nxe7
15. Qd3 b5 16. Bc2 Ng6 17. Nce5 b4 18. Nxg6 fxg6 19. Ng5 Nf6 20. Bb3 Kh8 21.
Bxe6 Ba6 22. c4 Rae8 23. Rf3 Bc8 24. d5 cxd5 25. cxd5 Qc5+ 26. Kh1 Qa7 27. h3
Ba6 28. Qc2 Rd8 29. Rf4 Qe3 30. Qf2 Qxf2 31. Rxf2 Rb8 32. d6 h6 33. Nf7+ Kh7
34. d7 Ne4 35. Rc2 Ng5 36. d8=Q Rfxd8 37. Nxd8 Rxd8 38. Rc6 Bb7 39. Rb6 Ba8 40.
h4 Ne4 41. Rc1 Rd2 42. Rc8 Ng3+ 43. Kh2 1-0

[Event "Scarborough CC Falling Leaves"]
[Site "Toronto CAN"]
[Date "2022.12.01"]
[Round "3.1"]
[White "Southam, David"]
[Black "Hay, Jonathan"]
[Result "0-1"]
[WhiteElo "2115"]
[BlackElo "2185"]
[PlyCount "110"]
[EventDate "2022.11.17"]
[EventType "swiss"]
[EventRounds "6"]
[EventCountry "CAN"]

1. d4 d5 2. c4 c6 3. Nf3 Nf6 4. e3 Bf5 5. Nc3 e6 6. Nh4 Bg6 7. Be2 Nbd7 8. O-O
Bd6 9. g3 dxc4 10. Bxc4 Bh5 11. Be2 Bxe2 12. Qxe2 O-O 13. e4 Be7 14. Rd1 Re8
15. Ng2 Bf8 16. Be3 Nb6 17. Rac1 Qe7 18. f3 h6 19. Bf2 Qb4 20. Ne3 Na4 21. a3
Nxc3 22. Rxc3 Qe7 23. Qc2 Red8 24. Rcd3 g6 25. Nc4 Nd7 26. Na5 Nb6 27. b4 Rd7
28. Nb3 Na4 29. Be3 Kh7 30. R1d2 f5 31. Bf4 Bg7 32. Nc5 Nxc5 33. dxc5 Rad8 34.
Bd6 Qf7 35. e5 a6 36. Qc4 g5 37. Kg2 Kg6 38. Re2 Kh7 39. Rb3 Bf8 40. a4 Rc8 41.
Reb2 Qe8 42. h3 Qf7 43. Ra2 Be7 44. b5 cxb5 45. axb5 Bxd6 46. exd6 Rxd6 47. Qb4
Rd5 48. bxa6 bxa6 49. Rc3 Qd7 50. Rcc2 Rc6 51. Ra5 Qc8 52. Qa3 Rcd6 53. Qa2 Rc6
54. Qa3 Qb7 55. Qc3 Kg6 0-1

[Event "Scarborough CC Falling Leaves"]
[Site "Toronto CAN"]
[Date "2022.12.01"]
[Round "3.2"]
[White "Li, Adam"]
[Black "Sharpe, Sam"]
[Result "1-0"]
[WhiteElo "1998"]
[BlackElo "1934"]
[PlyCount "105"]
[EventDate "2022.11.17"]
[EventType "swiss"]
[EventRounds "6"]
[EventCountry "CAN"]

1. e4 c5 2. Nf3 d6 3. c3 e5 4. d4 Nc6 5. dxc5 dxc5 6. Qxd8+ Kxd8 7. Bb5 Bd6 8.
Bxc6 bxc6 9. O-O Nf6 10. Bg5 Kc7 11. Bxf6 gxf6 12. Re1 h5 13. Nh4 a5 14. Nd2
Be6 15. Nf5 a4 16. Ne3 Bf8 17. Nf5 Bh6 18. Nf1 Rab8 19. Nxh6 Rxh6 20. Re2 Rhh8
21. Ne3 Rhd8 22. f3 Rd3 23. Kf2 a3 24. b3 Rxc3 25. Rd2 Rd8 26. Rxd8 Kxd8 27.
Ke2 c4 28. Rd1+ Kc7 29. b4 Rd3 30. Nc2 Rc3 31. Ne1 f5 32. Kd2 Rd3+ 33. Nxd3
cxd3 34. Kxd3 fxe4+ 35. fxe4 f5 36. exf5 Bxf5+ 37. Ke3 Be6 38. Rd3 Bxa2 39.
Rxa3 Bd5 40. g3 Kb6 41. Ra5 Kb7 42. h3 Kc7 43. Ra7+ Kb6 44. Rh7 Kb5 45. Rxh5
Kxb4 46. Rxe5 Bg2 47. h4 c5 48. Kd2 c4 49. h5 c3+ 50. Kc1 Bf1 51. g4 Kc4 52. g5
Kd4 53. Re8 1-0

[Event "Scarborough CC Falling Leaves"]
[Site "Toronto CAN"]
[Date "2022.12.01"]
[Round "3.3"]
[White "Huang, Richard"]
[Black "Jacobs, Michael"]
[Result "0-1"]
[WhiteElo "1949"]
[BlackElo "2025"]
[PlyCount "58"]
[EventDate "2022.11.17"]
[EventType "swiss"]
[EventRounds "6"]
[EventCountry "CAN"]

1. d4 d5 2. Nf3 Nf6 3. Bf4 c5 4. c3 Nc6 5. e3 Qb6 6. Qb3 c4 7. Qxb6 axb6 8. Na3
e5 9. dxe5 Bxa3 10. bxa3 Ne4 11. Nd2 Nxc3 12. e4 b5 13. exd5 Nxd5 14. Bg3 Nd4
15. Rc1 Rxa3 16. Nf3 Nxf3+ 17. gxf3 Nb4 18. Rb1 Nc2+ 19. Kd2 Rxa2 20. Kc3 b4+
21. Rxb4 Nxb4 22. Kxb4 Ra1 23. Kxc4 Bh3 24. Bg2 Rxh1 25. Bxh1 Kd7 26. f4 Rc8+
27. Kb5 Rc1 28. Bxb7 Rb1+ 29. Ka6 Bf1+ 0-1

[Event "Scarborough CC Falling Leaves"]
[Site "Toronto CAN"]
[Date "2022.12.01"]
[Round "3.4"]
[White "Mendoza, Armand Jess"]
[Black "Jeyakumar, Bhavatharshan"]
[Result "0-1"]
[WhiteElo "1849"]
[BlackElo "1757"]
[PlyCount "88"]
[EventDate "2022.11.17"]
[EventType "swiss"]
[EventRounds "6"]
[EventCountry "CAN"]

1. e4 c5 2. Nf3 e6 3. d4 cxd4 4. Qxd4 Nc6 5. Qe3 Qc7 6. a3 Nf6 7. h3 a6 8. Bd3
Be7 9. b4 d6 10. Bb2 b5 11. Nbd2 Bb7 12. c4 bxc4 13. Nxc4 O-O 14. Rc1 Rad8 15.
Na5 Qd7 16. Nxc6 Bxc6 17. Bxa6 Nxe4 18. Nd4 Bg5 19. f4 Bh4+ 20. g3 Nxg3 21. Kd2
Bxh1 22. Bd3 Qb7 23. Rg1 Qd5 24. Ne2 Nf5 25. Nc3 Qb3 26. Nd1 Qxb2+ 27. Nxb2
Nxe3 28. Rxh1 Nd5 29. Rf1 Nxf4 30. Ba6 Nd5 31. b5 Bg5+ 32. Kd3 Nc7 33. Rg1 Bf6
34. Bb7 Bxb2 35. a4 Rb8 36. Bc6 Nd5 37. a5 Nb4+ 38. Kc4 Nxc6 39. a6 Na7 40. h4
Rxb5 41. h5 Rxh5 42. Rg2 Rc8+ 43. Kb4 Rb5+ 44. Ka4 Rc4# 0-1

[Event "Scarborough CC Falling Leaves"]
[Site "Toronto CAN"]
[Date "2022.12.01"]
[Round "3.5"]
[White "Yang, Larry"]
[Black "Zhong, April"]
[Result "1-0"]
[WhiteElo "1850"]
[BlackElo "1671"]
[PlyCount "61"]
[EventDate "2022.11.17"]
[EventType "swiss"]
[EventRounds "6"]
[EventCountry "CAN"]

1. e4 e6 2. d4 d5 3. e5 c5 4. c3 Nc6 5. Nf3 Bd7 6. Be2 f6 7. exf6 Nxf6 8. O-O
Qc7 9. Na3 a6 10. Re1 cxd4 11. Nxd4 Nxd4 12. cxd4 Bd6 13. h3 O-O 14. Bf3 Rae8
15. Bg5 Bc6 16. Rc1 h6 17. Bxf6 Rxf6 18. Qb3 Qf7 19. Nc2 Rf8 20. Ne3 Rg6 21.
Qc2 Rg5 22. h4 Qxf3 23. hxg5 Qh5 24. Nf1 Bf4 25. Rcd1 hxg5 26. g3 Bb8 27. Qe2
g4 28. Nh2 Qf7 29. Qxe6 Qxe6 30. Rxe6 Bd7 31. Re7 1-0

[Event "Scarborough CC Falling Leaves"]
[Site "Toronto CAN"]
[Date "2022.12.22"]
[Round "6.1"]
[White "Jacobs, Michael"]
[Black "Zhong, Ryan Yunhui"]
[Result "0-1"]
[WhiteElo "2025"]
[BlackElo "1765"]
[PlyCount "58"]
[EventDate "2022.11.17"]
[EventType "swiss"]
[EventRounds "6"]
[EventCountry "CAN"]

1. e4 e6 2. d4 d5 3. exd5 exd5 4. c4 Nf6 5. Nc3 Be6 6. cxd5 Bxd5 7. Nf3 Be7 8.
Nxd5 Qxd5 9. Qa4+ c6 10. Be3 Nbd7 11. Bc4 Qh5 12. Ng5 O-O 13. Be2 Qg6 14. O-O-O
Ne4 15. h4 Nxg5 16. hxg5 Bxg5 17. f4 Qe6 18. Rh3 Bxf4 19. Bxf4 Qxe2 20. Rdh1 h6
21. Qb3 Qe6 22. Qg3 Qg6 23. Qb3 Nf6 24. Rg3 Ng4 25. Bxh6 gxh6 26. Qf3 f5 27.
Qf4 Qg5 28. Qxg5+ hxg5 29. Rh5 Kg7 0-1

[Event "Scarborough CC Falling Leaves"]
[Site "Toronto CAN"]
[Date "2022.12.22"]
[Round "6.2"]
[White "Wu, Benjamin"]
[Black "Li, Adam"]
[Result "1-0"]
[WhiteElo "1846"]
[BlackElo "1998"]
[PlyCount "117"]
[EventDate "2022.11.17"]
[EventType "swiss"]
[EventRounds "6"]
[EventCountry "CAN"]

1. c4 c5 2. Nc3 Nc6 3. g3 g6 4. Bg2 Bg7 5. Nf3 e6 6. d3 Nge7 7. O-O O-O 8. Bf4
d6 9. Rb1 a6 10. Qc2 Rb8 11. a3 b5 12. cxb5 axb5 13. b4 Nd4 14. Nxd4 cxd4 15.
Ne4 e5 16. Bc1 Bb7 17. Bb2 f5 18. Qb3+ Bd5 19. Nf6+ Rxf6 20. Bxd5+ Kh8 21. Bc1
f4 22. g4 h5 23. h3 Qd7 24. f3 Bh6 25. Bd2 Bg5 26. Rfc1 Bh4 27. Rc2 Rff8 28.
Rbc1 hxg4 29. hxg4 Nxd5 30. Qxd5 Rb7 31. Rc6 Rd8 32. Rxd6 Qxd6 33. Qxb7 Rd7 34.
Qxb5 Bg3 35. Kg2 Rh7 36. Qe8+ Kg7 37. Rc6 Rh2+ 38. Kg1 Qxc6 39. Qxc6 Rxe2 40.
Qc2 Kh6 41. Qd1 Rh2 42. Be1 Kg5 43. Bxg3 fxg3 44. Qe1 Kh4 45. Qxe5 Ra2 46. Qh8+
Kg5 47. Qd8+ Kh6 48. Qxd4 Rxa3 49. Kg2 g5 50. Kxg3 Kh7 51. b5 Ra2 52. Qd7+ Kh8
53. b6 Re2 54. b7 Rb2 55. Qd4+ Kh7 56. Qxb2 Kg6 57. b8=R Kh7 58. Qb6 Kg7 59.
Rb7+ 1-0

[Event "Scarborough CC Falling Leaves"]
[Site "Toronto CAN"]
[Date "2022.12.22"]
[Round "6.3"]
[White "Huang, Richard"]
[Black "Southam, David"]
[Result "1/2-1/2"]
[WhiteElo "1949"]
[BlackElo "2115"]
[PlyCount "62"]
[EventDate "2022.11.17"]
[EventType "swiss"]
[EventRounds "6"]
[EventCountry "CAN"]

1. Nf3 d5 2. d4 e6 3. Bf4 Nf6 4. e3 Bd6 5. Bd3 O-O 6. O-O c5 7. dxc5 Bxc5 8. c4
Nc6 9. a3 a5 10. cxd5 exd5 11. Qc2 Bb6 12. Nbd2 h6 13. Nb3 Qe7 14. Nbd4 Nxd4
15. Nxd4 Ne4 16. Qb3 Qf6 17. Qxd5 Nd2 18. Rfd1 Bxd4 19. Qxd4 Qxd4 20. exd4 Nb3
21. Rab1 Nxd4 22. Be5 Nc6 23. Bc3 Be6 24. Bc2 Rfd8 25. f3 f6 26. Kf2 Kf7 27.
Ba4 Rd5 28. Bxc6 bxc6 29. Rxd5 Bxd5 30. Re1 a4 31. Bb4 Re8 1/2-1/2

[Event "Scarborough CC Falling Leaves"]
[Site "Toronto CAN"]
[Date "2022.12.22"]
[Round "6.4"]
[White "Ugodnikov, Arkadiy"]
[Black "Yang, Larry"]
[Result "1-0"]
[WhiteElo "1647"]
[BlackElo "1850"]
[PlyCount "85"]
[EventDate "2022.11.17"]
[EventType "swiss"]
[EventRounds "6"]
[EventCountry "CAN"]

1. e4 e5 2. Nf3 Nc6 3. Bb5 a6 4. Ba4 Nf6 5. O-O b5 6. Bb3 Be7 7. Re1 O-O 8. h3
d6 9. c3 Na5 10. Bc2 c5 11. d4 Qc7 12. Nbd2 Bd7 13. d5 c4 14. Nf1 Kh8 15. Ng3
Nb7 16. Nh2 Nc5 17. f4 Qb6 18. Kh1 Ng8 19. fxe5 dxe5 20. Rf1 b4 21. Nf5 Bxf5
22. Rxf5 g6 23. Rf1 a5 24. Ng4 Qd6 25. Qe2 b3 26. axb3 cxb3 27. Bd3 h5 28. Ne3
Qc7 29. Nc4 Nxd3 30. Qxd3 Rfc8 31. Ne3 Bf6 32. Bd2 a4 33. c4 Qc5 34. Bc3 Kg7
35. Rxf6 Kxf6 36. Rf1+ Ke7 37. Bxe5 a3 38. bxa3 Rxa3 39. Bh2 Ra2 40. Qxb3 Ra6
41. Qb7+ Rc7 42. Qxa6 Qxe3 43. d6+ 1-0

[Event "Scarborough CC Falling Leaves"]
[Site "Toronto CAN"]
[Date "2022.12.22"]
[Round "6.5"]
[White "Ferreira, Alex"]
[Black "Mendoza, Armand Jess"]
[Result "1-0"]
[WhiteElo "1987"]
[BlackElo "1849"]
[PlyCount "65"]
[EventDate "2022.11.17"]
[EventType "swiss"]
[EventRounds "6"]
[EventCountry "CAN"]

1. e4 c5 2. Nf3 d6 3. d4 cxd4 4. Nxd4 Nf6 5. Nc3 a6 6. a4 g6 7. Be3 Bg7 8. Qd2
Ng4 9. Bg5 h6 10. Bh4 Qb6 11. Nb3 g5 12. Bg3 Nc6 13. f3 Nge5 14. Bf2 Qd8 15. h4
e6 16. O-O-O g4 17. f4 Nd7 18. Qxd6 Bxc3 19. bxc3 Nf6 20. Qxd8+ Nxd8 21. Bd4
Ke7 22. e5 Nh5 23. Bc5+ Ke8 24. Na5 Bd7 25. Nc4 Ng3 26. Nd6+ Kf8 27. Nf5+ Kg8
28. Nxg3 Bxa4 29. Nh5 Rc8 30. Be2 Rxc5 31. Rxd8+ Kh7 32. Bd3+ f5 33. exf6+ 1-0

[Event "Scarborough CC Ridout mem. Swiss"]
[Site "Toronto CAN"]
[Date "2022.10.06"]
[Round "1.1"]
[White "Laughlin, Braden"]
[Black "Pedersen, Rune"]
[Result "0-1"]
[WhiteElo "1863"]
[BlackElo "2162"]
[PlyCount "110"]
[EventDate "2022.10.06"]
[EventType "swiss"]
[EventRounds "7"]
[EventCountry "CAN"]

1. e4 c5 2. Nf3 Nc6 3. Bb5 g6 4. Bxc6 dxc6 5. d3 f6 6. h3 e5 7. a4 Be6 8. b3
Nh6 9. a5 Nf7 10. Be3 f5 11. Qe2 Qf6 12. Nc3 Rb8 13. Na4 b6 14. axb6 axb6 15.
Nc3 Bd6 16. Bc1 O-O 17. Bb2 Ra8 18. Rxa8 Rxa8 19. O-O f4 20. Ra1 Rb8 21. Nb1 g5
22. Nh2 Qg6 23. Nd2 b5 24. Ra6 Rc8 25. Qd1 h5 26. f3 Qf6 27. Qa1 Qd8 28. c3 Kg7
29. d4 Kf6 30. Ra7 Rc7 31. Ra8 Qd7 32. Nhf1 Nh6 33. Kf2 Nf7 34. Kg1 cxd4 35.
cxd4 exd4 36. e5+ Bxe5 37. Ne4+ Kg7 38. Nc5 Qd5 39. Nxe6+ Qxe6 40. Bxd4 Rd7 41.
Bxe5+ Qxe5 42. Qc1 c5 43. Rc8 Rd5 44. Qc2 Qd4+ 45. Kh2 b4 46. Rc6 Ne5 47. Rc7+
Kf6 48. h4 g4 49. Qe2 g3+ 50. Kh3 Qg1 51. Qa6+ Kf5 52. Qc8+ Nd7 53. Nxg3+ fxg3
54. Kxg3 Qe1+ 55. Kh3 Kf4 0-1

[Event "Scarborough CC Ridout mem. Swiss"]
[Site "Toronto CAN"]
[Date "2022.10.06"]
[Round "1.2"]
[White "Hay, Jonathan"]
[Black "Chamberland, Luc"]
[Result "1/2-1/2"]
[WhiteElo "2161"]
[BlackElo "1761"]
[PlyCount "78"]
[EventDate "2022.10.06"]
[EventType "swiss"]
[EventRounds "7"]
[EventCountry "CAN"]

1. d4 Nf6 2. Bf4 c5 3. d5 d6 4. Nc3 Bf5 5. f3 h6 6. e4 Bh7 7. Qd2 Nbd7 8. Nge2
g5 9. Be3 Bg7 10. Ng3 Bg6 11. Be2 a6 12. a4 Qc7 13. h4 gxh4 14. Rxh4 O-O-O 15.
O-O-O Ng8 16. f4 Qa5 17. Bg4 Kb8 18. Bxd7 Rxd7 19. Qd3 Bxc3 20. Qxc3 Qxc3 21.
bxc3 f6 22. Rdh1 f5 23. exf5 Bf7 24. c4 b5 25. axb5 axb5 26. Ne2 bxc4 27. Nc3
Ra7 28. Kd2 Nf6 29. Rxh6 Rxh6 30. Rxh6 Rd7 31. Rh8+ Kb7 32. Rf8 Bxd5 33. g4
Ne4+ 34. Nxe4 Bxe4 35. g5 Kc7 36. Rf7 Bd5 37. Rh7 Be4 38. Rf7 Bd5 39. Rf8 Rd8
1/2-1/2

[Event "Scarborough CC Ridout mem. Swiss"]
[Site "Toronto CAN"]
[Date "2022.10.06"]
[Round "1.3"]
[White "Zhong, April"]
[Black "Li, Adam"]
[Result "0-1"]
[WhiteElo "1750"]
[BlackElo "1976"]
[PlyCount "72"]
[EventDate "2022.10.06"]
[EventType "swiss"]
[EventRounds "7"]
[EventCountry "CAN"]

1. d4 d5 2. c4 e6 3. Nc3 Nf6 4. e3 Be7 5. Nf3 O-O 6. Bd3 b6 7. cxd5 exd5 8. Ne5
Bb7 9. O-O Nbd7 10. f4 Ne4 11. Nxe4 dxe4 12. Bc4 Nxe5 13. fxe5 Bd5 14. Qb3 c6
15. Bd2 Bg5 16. Rf5 g6 17. Rf2 Re8 18. Raf1 Re7 19. Kh1 Rc7 20. Re2 Bxc4 21.
Qxc4 Qd5 22. Qxd5 cxd5 23. Bb4 Rac8 24. Bc3 Rc4 25. g3 b5 26. h4 Bh6 27. a3
R8c7 28. g4 Bf8 29. h5 Rb7 30. Ref2 Bxa3 31. hxg6 hxg6 32. Rf6 Kg7 33. e6 fxe6
34. Rxe6 Be7 35. Ra6 b4 36. Bxb4 Rcxb4 0-1

[Event "Scarborough CC Ridout mem. Swiss"]
[Site "Toronto CAN"]
[Date "2022.10.06"]
[Round "1.4"]
[White "Huang, Richard"]
[Black "Zhong, Ryan Yunhui"]
[Result "1-0"]
[WhiteElo "1942"]
[BlackElo "1639"]
[PlyCount "71"]
[EventDate "2022.10.06"]
[EventType "swiss"]
[EventRounds "7"]
[EventCountry "CAN"]

1. e4 c5 2. Nc3 e6 3. g3 d5 4. exd5 exd5 5. d4 Nf6 6. Nf3 Nc6 7. Bg2 Be6 8. O-O
Be7 9. Re1 O-O 10. Be3 b6 11. Ne5 Qc8 12. Ne2 Nxe5 13. dxe5 Ng4 14. Nf4 Rd8 15.
Bd2 Rb8 16. Nxe6 Qxe6 17. Qe2 Nh6 18. Qf1 Qg6 19. Bxh6 Qxh6 20. f4 b5 21. Rad1
d4 22. c3 dxc3 23. bxc3 Qa6 24. Bd5 c4 25. Qe2 Qa3 26. Qf3 Bc5+ 27. Kh1 Qxa2
28. e6 fxe6 29. Bxe6+ Kh8 30. Qh5 Rxd1 31. Rxd1 Qf2 32. Bf5 h6 33. Be4 Kg8 34.
Qd5+ Kf8 35. Bg6 Ke7 36. Qf7# 1-0

[Event "Scarborough CC Ridout mem. Swiss"]
[Site "Toronto CAN"]
[Date "2022.10.06"]
[Round "1.5"]
[White "Gao, Heye"]
[Black "Lawless, David"]
[Result "1-0"]
[WhiteElo "1636"]
[BlackElo "1929"]
[PlyCount "147"]
[EventDate "2022.10.06"]
[EventType "swiss"]
[EventRounds "7"]
[EventCountry "CAN"]

1. e4 e5 2. Nf3 Nc6 3. Bc4 Bc5 4. d3 Nf6 5. Nc3 h6 6. O-O O-O 7. h3 a6 8. Be3
Ba7 9. Bxa7 Rxa7 10. d4 d6 11. Re1 Ra8 12. Qd2 Re8 13. Rad1 Qe7 14. a3 Nb8 15.
dxe5 dxe5 16. Nd5 Nxd5 17. Bxd5 Nd7 18. Qc3 Nf6 19. Bc4 b5 20. Ba2 c5 21. Bd5
b4 22. axb4 cxb4 23. Qxe5 Nxd5 24. exd5 Qxe5 25. Rxe5 Rxe5 26. Nxe5 f6 27. Nc6
a5 28. d6 Bd7 29. Ne7+ Kf7 30. Nd5 Ra6 31. Nc7 Rc6 32. c3 bxc3 33. bxc3 a4 34.
Rd3 a3 35. c4 a2 36. Ra3 Rxd6 37. Rxa2 Rd1+ 38. Kh2 Rc1 39. Nd5 Rxc4 40. Ra7
Ke6 41. Rxd7 Rd4 42. Rxg7 Rxd5 43. Rh7 h5 44. Kg3 Rg5+ 45. Kh2 Ke5 46. Re7+ Kf5
47. h4 Rg4 48. g3 Kg6 49. Re8 Ra4 50. Kg2 Ra3 51. Re3 Ra2 52. Kf3 Rb2 53. Re2
Rb3+ 54. Kf4 Rb4+ 55. Re4 Rb2 56. f3 Rh2 57. Re1 Rh3 58. g4 Rh2 59. Kg3 Ra2 60.
Re6 Kf7 61. Rd6 Ra5 62. gxh5 Rxh5 63. Kg4 Ra5 64. h5 Rg5+ 65. Kh4 Rg1 66. f4
Ke7 67. Rc6 Rh1+ 68. Kg4 Rg1+ 69. Kf5 Rh1 70. Rc7+ Kd6 71. Rh7 Rh4 72. h6 Rh5+
73. Kxf6 Rh4 74. f5 1-0

[Event "Scarborough CC Ridout mem. Swiss"]
[Site "Toronto CAN"]
[Date "2022.10.06"]
[Round "1.6"]
[White "Sharpe, Sam"]
[Black "Grisar, Charles"]
[Result "1-0"]
[WhiteElo "1918"]
[BlackElo "1882"]
[PlyCount "133"]
[EventDate "2022.10.06"]
[EventType "swiss"]
[EventRounds "7"]
[EventCountry "CAN"]

1. d4 Nf6 2. Nf3 g6 3. g3 Bg7 4. Bg2 O-O 5. O-O d6 6. c4 c6 7. Nc3 Bf5 8. Re1
Qc8 9. e4 Bh3 10. Bh1 h6 11. b3 c5 12. Bb2 cxd4 13. Nxd4 Nc6 14. Nxc6 bxc6 15.
Qd2 Nd7 16. Ne2 Bxb2 17. Qxb2 Ne5 18. Qc3 Qc7 19. Nf4 Bg4 20. Bg2 g5 21. Ne2 a5
22. h3 Bd7 23. f4 Qb6+ 24. Kh2 Ng6 25. Rf1 g4 26. h4 f5 27. exf5 Bxf5 28. h5
Nh8 29. Nd4 Rac8 30. Rae1 Rf7 31. Qe3 Qc5 32. Ne6 Bxe6 33. Qxc5 dxc5 34. Rxe6
Kg7 35. Rd1 Rc7 36. Bxc6 Rf5 37. Rd5 Rf6 38. Rxf6 Kxf6 39. Bb5 Nf7 40. Rd7 Rxd7
41. Bxd7 e6 42. Kg2 Nd6 43. Bc6 Nf5 44. Be8 Ne3+ 45. Kf2 Nd1+ 46. Ke1 Nc3 47.
a3 Ne4 48. Bg6 Nd6 49. Bd3 Ke7 50. Kd2 Ne8 51. Kc3 Kd6 52. b4 axb4+ 53. axb4
cxb4+ 54. Kxb4 Nf6 55. c5+ Kc6 56. Bb5+ Kc7 57. Be2 Nxh5 58. Bxg4 Nxg3 59. Bxe6
h5 60. f5 Ne4 61. Bd5 Nf6 62. Bf3 h4 63. Kc4 h3 64. Kd4 h2 65. Ke3 Ng4+ 66. Kf4
Nf2 67. Kg3 1-0

[Event "Scarborough CC Ridout mem. Swiss"]
[Site "Toronto CAN"]
[Date "2022.10.13"]
[Round "2.1"]
[White "Pedersen, Rune"]
[Black "Sharpe, Sam"]
[Result "1-0"]
[WhiteElo "2162"]
[BlackElo "1918"]
[PlyCount "95"]
[EventDate "2022.10.06"]
[EventType "swiss"]
[EventRounds "7"]
[EventCountry "CAN"]

1. e4 c5 2. Nf3 Nc6 3. d4 cxd4 4. Nxd4 Nf6 5. Nc3 e5 6. Ndb5 d6 7. Nd5 Nxd5 8.
exd5 Nb8 9. c4 Be7 10. Be2 O-O 11. O-O f5 12. f4 a6 13. Nc3 Nd7 14. Kh1 b6 15.
Be3 Bb7 16. Bd3 e4 17. Be2 Rc8 18. Qd2 Bf6 19. Rac1 Kh8 20. g4 g6 21. Rg1 Qe7
22. Na4 Qd8 23. gxf5 gxf5 24. Qb4 Qc7 25. Nxb6 Rb8 26. Nxd7 Qxd7 27. Qd2 Rg8
28. Bd4 Qe7 29. Qc3 Rbf8 30. Rxg8+ Kxg8 31. Rg1+ Kh8 32. b4 Bxd4 33. Qxd4+ Qf6
34. Qxf6+ Rxf6 35. Rd1 Rf8 36. c5 dxc5 37. bxc5 Rc8 38. c6 Bxc6 39. dxc6 Rxc6
40. Rg1 h6 41. a4 Rb6 42. Rd1 Rb4 43. a5 e3 44. Bxa6 Rxf4 45. Bb5 Rf2 46. Ra1
Rd2 47. a6 e2 48. Bxe2 1-0